| 000 | 00643nam a2200193 i 4500 | ||
|---|---|---|---|
| 001 | 130048 | ||
| 003 | ES-MaACL | ||
| 007 | t| | ||
| 008 | 070717s1984 sp ||||1| spa d | ||
| 100 | 1 |
_aZunzunegui, Juan Antonio de. _9118511 |
|
| 245 | 1 | 0 |
_aDe la vida y de la muerte / _cJuan Antonio de Zunzunegui ; prólogo de María Pilar García Madrazo. |
| 260 |
_aMadrid : _bEspasa-Calpe, _c1984. |
||
| 300 |
_a472 p. ; _c17 cm. |
||
| 490 | 1 |
_aSelecciones austral ; _v127 |
|
| 700 | 1 |
_aGarcía Madrazo, María Pilar. _954875 |
|
| 830 | 0 |
_aSelecciones austral ; _v127 _9176520 |
|
| 852 |
_aES-MaACL _jL-6171 _bR.106720 |
||
| 999 |
_c130048 _d130048 |
||